| 000 | 00566nam a2200169 a 4500 | ||
|---|---|---|---|
| 005 | 20140412111237.0 | ||
| 008 | 001120s19uu xx 00 eng d | ||
| 020 | _a0-201167808 | ||
| 050 |
_aTR(GS 507 _bONT |
||
| 100 | _aOntario Science Center | ||
| 245 |
_aScience works : _b65 experiments that introduce the fun and wonder of science / _cFrom Ontario Science Center; illustrated by Tina Holdcroft. |
||
| 260 |
_aReading, MA : _bAddison-Wesley Pub. Co, _c1984. |
||
| 300 | _a86 p. | ||
| 650 | _aScience -- Experiments | ||
| 650 | _aExperiments | ||
| 999 |
_c102515 _d102515 |
||